[Event "4NCL/Div1/SLO1 vs. BAR1"]
[Site "Telford ENG"]
[Date "2003.01.19"]
[Round "4.7"]
[White "Thiruchelvam, Murugan"]
[Black "Collins, Sam"]
[Result "1/2-1/2"]
[WhiteElo "2259"]
[BlackElo "2331"]
[PlyCount "81"]
[EventDate "2003.01.19"]

1. e4 c5 2. Nf3 Nc6 3. Bb5 e6 4. O-O Nge7 5. b3 a6 6. Bxc6 Nxc6 7. Bb2 b5 8. c4
bxc4 9. bxc4 Rb8 10. Bc3 d6 11. Na3 e5 12. Nc2 Be7 13. Ne3 O-O 14. d3 g6 15.
Nd2 Bg5 16. Nd5 Ne7 17. Qc2 f5 18. Rab1 Rxb1 19. Rxb1 Bh4 20. Nf3 Nxd5 21. exd5
Bf6 22. Nd2 Qd7 23. Rb6 Bd8 24. Rb8 Bc7 25. Rb1 Qf7 26. Qa4 h5 27. Ba5 h4 28.
Bxc7 Qxc7 29. Qc6 Qe7 30. Rb6 Rd8 31. Rb8 Qf8 32. Qc7 Re8 33. Nf3 Qh6 34. Ne1
Qf8 35. Ra8 e4 36. Ra7 Qf6 37. dxe4 fxe4 38. Qh7+ Kf8 39. Qh6+ Kg8 40. Qh7+ Kf8
41. Qh6+ 1/2-1/2

[Event "4NCL/Div1/SLO1 vs. BAR1"]
[Site "Telford ENG"]
[Date "2003.01.19"]
[Round "4.8"]
[White "Lauterbach, Ingrid"]
[Black "Smith, Andrew P"]
[Result "1-0"]
[WhiteElo "2144"]
[BlackElo "2199"]
[PlyCount "109"]
[EventDate "2003.01.19"]

1. e4 e5 2. Nc3 d6 3. g3 h5 4. d3 h4 5. g4 Be7 6. f4 exf4 7. Bxf4 Bg5 8. Qf3
Nc6 9. Bxg5 Qxg5 10. h3 Be6 11. Qf2 Nge7 12. Nf3 Qf4 13. Bg2 Ne5 14. Ne2 Nxf3+
15. Bxf3 Qg5 16. c3 Ng6 17. Nd4 O-O 18. Qd2 Qe5 19. Ne2 Qb5 20. Nd4 Qc5 21. O-O
Rad8 22. Rf2 Qe5 23. Bg2 c5 24. Nf5 Rfe8 25. a4 d5 26. d4 cxd4 27. cxd4 Qc7 28.
e5 Rf8 29. Rc1 Qd7 30. a5 Rc8 31. Rxc8 Rxc8 32. Nd6 Rc6 33. Bf1 a6 34. Bd3 Bxg4
35. Bxg6 fxg6 36. hxg4 Qxg4+ 37. Rg2 Qh5 38. Kh2 h3 39. Rg3 Qh4 40. Rxh3 Qg4
41. Rc3 Qh4+ 42. Kg2 Qg4+ 43. Kf1 Rxc3 44. bxc3 Qf3+ 45. Ke1 Qg3+ 46. Kd1 g5
47. Kc2 g4 48. Nf5 Qf3 49. Ne3 g3 50. Ng2 Qf5+ 51. Kb2 Qe4 52. Kc1 g6 53. Ne1
Kf7 54. Kd1 Ke6 55. Qg5 1-0

[Event "4NCL/Div1/GUI1 vs. SWD1"]
[Site "Telford ENG"]
[Date "2003.03.08"]
[Round "5.1"]
[White "Conquest, Stuart C"]
[Black "Cooper, John G"]
[Result "1-0"]
[WhiteElo "2539"]
[BlackElo "2318"]
[PlyCount "63"]
[EventDate "2003.03.08"]

1. e4 c5 2. Nf3 e6 3. Nc3 Nc6 4. d4 cxd4 5. Nxd4 d6 6. Be3 Nf6 7. f3 Be7 8. Qd2
O-O 9. O-O-O d5 10. Kb1 dxe4 11. Nxc6 bxc6 12. Qxd8 Rxd8 13. Rxd8+ Bxd8 14.
Nxe4 Nxe4 15. fxe4 Bb6 16. Bf4 Bb7 17. Bc4 Rd8 18. c3 Kf8 19. Kc2 Ke7 20. Re1
h6 21. g4 g5 22. Bg3 f6 23. a4 e5 24. b4 a5 25. bxa5 Bxa5 26. Bf2 Kf8 27. Bc5+
Kg7 28. Rf1 Re8 29. Rb1 Bc8 30. Rb8 Kg6 31. Ra8 Bc7 32. Ra7 1-0

[Event "4NCL/Div1/GUI1 vs. SWD1"]
[Site "Telford ENG"]
[Date "2003.03.08"]
[Round "5.2"]
[White "Dineley, Richard DP"]
[Black "Cherniaev, Alexander"]
[Result "1/2-1/2"]
[WhiteElo "2265"]
[BlackElo "2504"]
[PlyCount "81"]
[EventDate "2003.03.08"]

1. e4 c5 2. Nf3 Nc6 3. d4 cxd4 4. Nxd4 Nf6 5. Nc3 e5 6. Ndb5 d6 7. Bg5 a6 8.
Na3 b5 9. Bxf6 gxf6 10. Nd5 f5 11. Bd3 Be6 12. O-O Bg7 13. Qh5 f4 14. c4 bxc4
15. Bxc4 O-O 16. Rfd1 Kh8 17. Rac1 Rb8 18. b3 Qa5 19. Nc2 Rg8 20. Qh4 Bf8 21.
b4 Qa4 22. Bb3 Qb5 23. Nc7 Qb6 24. Nxe6 fxe6 25. Qf6+ Rg7 26. Qxe6 Nxb4 27.
Nxb4 Qxb4 28. Rc8 Qxe4 29. g3 fxg3 30. hxg3 Rxc8 31. Qxc8 Qf3 32. Rxd6 Rg6 33.
Rxg6 hxg6 {(=)} 34. Qe6 Kg7 35. Qg8+ Kh6 36. Qh8+ Kg5 37. Qh4+ Kf5 38. Qh3+ Kg5
39. Qh4+ Kf5 40. Qh3+ Kg5 41. Qh4+ 1/2-1/2

[Event "4NCL/Div1/GUI1 vs. SWD1"]
[Site "Telford ENG"]
[Date "2003.03.08"]
[Round "5.3"]
[White "Kosten, Anthony C"]
[Black "Jones, Richard S"]
[Result "1-0"]
[WhiteElo "2545"]
[BlackElo "2246"]
[PlyCount "53"]
[EventDate "2003.03.08"]

1. c4 Nf6 2. Nf3 g6 3. b4 Bg7 4. Bb2 O-O 5. g3 d6 6. Bg2 e5 7. O-O Re8 8. d3
Nbd7 9. Nbd2 Nf8 10. Qc2 Ne6 11. e3 Nd7 12. d4 f5 13. dxe5 dxe5 14. e4 f4 15.
c5 g5 16. Bh3 Kh8 17. c6 bxc6 18. Qxc6 Rb8 19. Bxe6 Rb6 20. Bxd7 Rxc6 21. Bxc6
Re6 22. Bd5 g4 23. Bxe6 Bxe6 24. Rfd1 gxf3 25. Nxf3 Qe8 26. Nxe5 fxg3 27. hxg3
1-0

[Event "4NCL/Div1/GUI1 vs. SWD1"]
[Site "Telford ENG"]
[Date "2003.03.08"]
[Round "5.4"]
[White "Evans-Quek, Suan"]
[Black "Plaskett, James"]
[Result "0-1"]
[WhiteElo "2270"]
[BlackElo "2467"]
[PlyCount "120"]
[EventDate "2003.03.08"]

1. g3 Nf6 2. Bg2 d5 3. d3 c6 4. f4 g6 5. Nf3 Bg7 6. c3 O-O 7. O-O Nbd7 8. Qe1
Qb6+ 9. Kh1 Qa6 10. h3 Re8 11. Be3 b6 12. Na3 Bb7 13. Nc2 c5 14. Qf2 e5 15.
fxe5 Nxe5 16. Nh2 Re6 17. a4 Rae8 18. b4 d4 19. cxd4 cxd4 20. Bxd4 Bxg2+ 21.
Qxg2 Qc8 22. Ra2 Nxd3 23. exd3 Re2 24. Rf2 Nh5 25. Nf1 Rxf2 26. Qxf2 Qxh3+ 27.
Kg1 Bh6 28. Ra1 Qg4 29. Re1 Rxe1 30. Nxe1 Nf4 31. Qf3 Ne2+ 32. Kf2 Qxd4+ 33.
Kxe2 Qb2+ 34. Kd1 Qxb4 35. Qa8+ Kg7 36. Qc6 a6 37. Qe4 Qb1+ 38. Ke2 Qb2+ 39.
Kf3 Bg5 40. Ng2 b5 {(=)} 41. axb5 axb5 42. Nfe3 b4 43. Nc4 Qb1 44. Nge3 b3 45.
Nd2 Qa2 46. Ke2 b2 47. d4 h5 48. d5 Qa6+ 49. Qd3 Qd6 50. Ne4 Qb8 51. Nd2 Bxe3
52. Kxe3 Qxg3+ 53. Nf3 g5 54. Qc3+ f6 55. Qxb2 {(=)} 55... g4 56. Qb7+ Kh6 57.
d6 gxf3 58. d7 f2+ 59. Ke2 Qg1 60. Qf3 Qe1+ 0-1

[Event "4NCL/Div1/GUI1 vs. SWD1"]
[Site "Telford ENG"]
[Date "2003.03.08"]
[Round "5.5"]
[White "Matros, Alexander"]
[Black "James, David J"]
[Result "1/2-1/2"]
[WhiteElo "2452"]
[BlackElo "2253"]
[PlyCount "92"]
[EventDate "2003.03.08"]

1. d4 Nf6 2. c4 e6 3. Nf3 b6 4. Nc3 Bb4 5. Bg5 Bb7 6. Nd2 h6 7. Bh4 c5 8. a3
Bxc3 9. bxc3 d6 10. f3 Nc6 11. Nb3 Ne7 12. Bxf6 gxf6 13. e4 f5 14. Bd3 f4 15.
a4 e5 16. a5 Rg8 17. O-O Ng6 18. Rf2 Ke7 19. Kh1 Qc7 20. Rb2 Rgb8 21. d5 Bc8
22. Rba2 Qb7 23. Ra3 Bd7 24. Nc1 b5 25. cxb5 Bxb5 26. a6 Qc7 27. Qf1 c4 28. Bc2
Qc5 29. Qg1 Qxg1+ 30. Kxg1 Rb6 31. Kf2 Nf8 32. g3 fxg3+ 33. hxg3 Nd7 34. Na2
Rxa6 35. Rxa6 Bxa6 36. Ba4 Nc5 37. Nb4 Nxa4 38. Rxa4 Bb5 39. Ra5 a6 40. Nc2 Kd7
41. Na3 Rb8 42. Nxb5 Rxb5 43. Rxa6 Rb3 44. Ra7+ Ke8 45. Ra6 Ke7 46. Ra7+ Ke8
1/2-1/2

[Event "4NCL/Div1/GUI1 vs. SWD1"]
[Site "Telford ENG"]
[Date "2003.03.08"]
[Round "5.6"]
[White "Zeidler, Sven P"]
[Black "Baker, Christopher W"]
[Result "1/2-1/2"]
[WhiteElo "2265"]
[BlackElo "2359"]
[PlyCount "116"]
[EventDate "2003.03.08"]

1. e4 Nf6 2. Nc3 d5 3. e5 Ne4 4. Nce2 f6 5. d3 Ng5 6. Nf4 e6 7. Nf3 Nxf3+ 8.
Qxf3 g6 9. Qh3 Kf7 10. Be2 fxe5 11. Nh5 Nd7 12. Ng3 Bg7 13. O-O Re8 14. Bg4 Qe7
15. Bd2 Kg8 16. Rae1 a5 17. Ne2 Nf6 18. Bc3 Nxg4 19. Qxg4 Bd7 20. h4 Qf7 21.
Qg3 Qf5 22. Nc1 d4 23. Bd2 Bc6 24. f3 {(=)} 24... Rf8 25. Ne2 Bd5 26. Qh2 c5
27. Ng3 Qf7 28. Ne4 c4 29. h5 gxh5 30. dxc4 Bxc4 31. Nd6 Qc7 32. Nxc4 Qxc4 33.
Qxh5 Qxc2 34. Bh6 Qf5 35. Qxf5 Rxf5 36. g4 Bxh6 37. gxf5 Be3+ 38. Rxe3 dxe3 39.
fxe6 Re8 40. Re1 Rxe6 41. Rxe3 Kf7 42. Ra3 b6 43. b4 axb4 44. Rb3 Kf6 45. Rxb4
Kf5 46. Kf2 h5 47. a4 Rg6 48. Rh4 Rh6 49. Kg3 Kg5 50. Re4 Re6 51. Rb4 Rf6 52.
Re4 Kf5 53. Rb4 Rd6 54. Rh4 Rg6+ 55. Kf2 Rh6 56. Kg3 Kg5 57. Re4 h4+ 58. Kh3
Kf5 1/2-1/2

[Event "4NCL/Div1/GUI1 vs. SWD1"]
[Site "Telford ENG"]
[Date "2003.03.08"]
[Round "5.7"]
[White "Povah, Nigel E"]
[Black "Richmond, Peter A"]
[Result "1/2-1/2"]
[WhiteElo "2360"]
[BlackElo "2254"]
[PlyCount "133"]
[EventDate "2003.03.08"]

1. d4 d5 2. Bg5 c6 3. Nf3 Qb6 4. Qc1 Bf5 5. e3 h6 6. Bh4 Nd7 7. c4 dxc4 8. Bxc4
Ngf6 9. O-O e6 10. Nc3 Be7 11. Re1 Ne4 12. Bxe7 Kxe7 13. Bd3 Nxc3 14. Qxc3 Bxd3
15. Qxd3 Rac8 16. Qa3+ c5 17. Rad1 Rhd8 18. Rd3 Qb4 19. dxc5 Qxa3 20. Rxa3 Nxc5
21. Rxa7 Kf6 22. g3 Nd3 23. Rd1 Nxb2 24. Rxd8 Rxd8 25. Rxb7 Rd1+ 26. Kg2 Nd3
27. e4 g5 28. h3 h5 29. e5+ Kg6 30. Rb8 Ne1+ 31. Nxe1 Rxe1 32. Rb5 Ra1 33. Ra5
Kf5 34. Ra7 Kxe5 35. Rxf7 Rxa2 36. Rh7 h4 37. gxh4 gxh4 38. Rxh4 Kf5 39. Rg4 e5
40. Kg3 Ra3+ 41. Kg2 Rb3 42. Rg8 e4 43. Rg3 Rb8 44. h4 Rh8 45. Kh3 Kf4 46. Rg7
Kf5 47. Kg3 Kf6 48. Rg4 Kf5 49. Rg5+ Kf6 50. Kg4 Ra8 51. h5 Ra1 52. Kf4 Ra2 53.
Rg6+ Kf7 54. Rg2 Ra5 55. Rg5 Ra2 56. Rg2 Ra5 57. Rh2 Ra4 58. Kf5 Kg7 59. Rh4
Ra2 60. Rf4 Re2 61. Kg5 e3 62. f3 Rg2+ 63. Kh4 e2 64. Re4 Kf6 65. Kh3 Rg5 66.
Rxe2 Rxh5+ 67. Kg4 1/2-1/2

[Event "4NCL/Div1/GUI1 vs. SWD1"]
[Site "Telford ENG"]
[Date "2003.03.08"]
[Round "5.8"]
[White "Cast, Abigail"]
[Black "Lang, Heather"]
[Result "0-1"]
[WhiteElo "2114"]
[BlackElo "2069"]
[PlyCount "70"]
[EventDate "2003.03.08"]

1. d4 f5 2. g3 Nf6 3. Bg2 g6 4. c3 Bg7 5. Qb3 Nc6 6. Bg5 e6 7. Nd2 d5 8. e3 O-O
9. Ne2 a5 10. a4 h6 11. Bxf6 Bxf6 12. c4 Ne7 13. cxd5 exd5 14. e4 fxe4 15. Nxe4
Bg7 16. O-O c6 17. Nc5 Nf5 18. Qc2 Qf6 19. Nb3 Nd6 20. Nf4 Bf5 21. Qc3 Nc4 22.
Nxd5 cxd5 23. Bxd5+ Kh7 24. Qxc4 Rac8 25. Qe2 Rc2 26. Qe3 Bh3 27. Bg2 Bxg2 28.
Kxg2 Qc6+ 29. Kg1 Rf3 30. Nxa5 Qd5 31. Qe1 Bxd4 32. Rd1 Rcxf2 33. Rxf2 Bxf2+
34. Kg2 Rxg3+ 35. Kf1 Qg2+ 0-1

[Event "4NCL/Div1/BET vs. WGR2"]
[Site "Telford ENG"]
[Date "2003.03.08"]
[Round "5.1"]
[White "Ledger, Andrew J"]
[Black "Littlewood, Paul E"]
[Result "1-0"]
[WhiteElo "2397"]
[BlackElo "2399"]
[PlyCount "99"]
[EventDate "2003.03.08"]

1. c4 e5 2. Nc3 Nc6 3. g3 g6 4. Bg2 Bg7 5. d3 d6 6. Rb1 Be6 7. b4 Qd7 8. b5 Nd8
9. Qb3 h6 10. e3 Ne7 11. Nd5 Nc8 12. a4 c6 13. bxc6 bxc6 14. Nc3 O-O 15. Ba3 a5
16. Nge2 Bh3 17. O-O Bxg2 18. Kxg2 Kh7 19. d4 exd4 20. Nxd4 Ra7 21. Qc2 Ne6 22.
Nf3 Rd8 23. Rfd1 Rb7 24. h4 Rxb1 25. Rxb1 h5 26. Ne2 Qc7 27. Bb2 d5 28. Bxg7
Kxg7 29. c5 Kg8 30. Ned4 Nxd4 31. Nxd4 Ne7 32. Rb6 Rc8 33. Qc3 Qe5 34. Qxa5
Qe4+ 35. Nf3 d4 36. exd4 Nf5 37. Qc3 g5 38. hxg5 h4 39. d5 cxd5 40. g6 hxg3 41.
gxf7+ Kh7 42. Qf6 gxf2 43. Qg6+ Kh8 44. Qh5+ Kg7 45. Rg6+ Kf8 46. Rg8+ Ke7 47.
Re8+ Kd7 48. f8=N+ Kc6 49. Qg6+ Kb7 50. Qb6+ 1-0

[Event "4NCL/Div1/BET vs. WGR2"]
[Site "Telford ENG"]
[Date "2003.03.08"]
[Round "5.2"]
[White "McDonald, Neil"]
[Black "Pert, Nicholas"]
[Result "0-1"]
[WhiteElo "2391"]
[BlackElo "2468"]
[PlyCount "50"]
[EventDate "2003.03.08"]

1. e4 e6 2. d4 d5 3. Nc3 Bb4 4. Nge2 dxe4 5. a3 Be7 6. Nxe4 Nf6 7. Qd3 Nbd7 8.
Bf4 Nxe4 9. Qxe4 Nf6 10. Qf3 O-O 11. g3 Bd7 12. Rg1 Bc6 13. Qb3 Qd7 14. Bg2
Bxg2 15. Rxg2 c5 16. f3 Qc6 17. c4 Rac8 18. dxc5 Bxc5 19. Rc1 Rfe8 20. Rc3 e5
21. Bg5 Bd4 22. Rc2 Nd7 23. Ng1 Nc5 24. Qa2 Qg6 25. Nh3 Qf5 0-1

[Event "4NCL/Div1/BET vs. WGR2"]
[Site "Telford ENG"]
[Date "2003.03.08"]
[Round "5.3"]
[White "Pert, Richard G"]
[Black "Levitt, Jonathan P"]
[Result "1/2-1/2"]
[WhiteElo "2378"]
[BlackElo "2419"]
[PlyCount "115"]
[EventDate "2003.03.08"]

1. e4 e6 2. d4 d5 3. Nd2 c5 4. Ngf3 cxd4 5. Nxd4 Nc6 6. Bb5 Bd7 7. Nxc6 bxc6 8.
Bd3 Bd6 9. O-O Qb8 10. h3 Ne7 11. c4 d4 12. Nb3 e5 13. c5 Bc7 14. Bc4 O-O 15.
h4 a5 16. Bg5 Qe8 17. h5 h6 18. Bh4 Kh8 19. g4 Bd8 20. Bg3 Ng8 21. Nc1 Nf6 22.
f3 Be6 23. Bxe6 Qxe6 24. Nd3 Nd7 25. Qa4 {(=)} 25... Be7 26. Rac1 Bg5 27. Rc2
Rfb8 28. b3 Rb5 29. Qc4 Qe7 30. Kg2 Be3 31. Rb1 Rab8 32. a4 R5b7 33. b4 axb4
34. Rcb2 Ra8 35. Rxb4 Rba7 36. Qc2 Qe6 37. Ra1 Bg5 38. Qa2 Qe8 39. Qc2 Bd8 40.
Rab1 Qe6 41. Qb3 Qxb3 42. R1xb3 f6 43. f4 Bc7 44. fxe5 Bxe5 45. Bf2 Rxa4 46.
Rxa4 Rxa4 47. Rb7 Ra3 48. Nxe5 Nxe5 49. Bxd4 Nxg4 50. Rd7 Kg8 51. Rd6 Rd3 52.
Kf1 Rh3 53. Rxc6 Rxh5 54. Rd6 Ne5 55. c6 Nxc6 56. Rxc6 Rh4 57. Kg2 Rxe4 58.
Bxf6 1/2-1/2

[Event "4NCL/Div1/BET vs. WGR2"]
[Site "Telford ENG"]
[Date "2003.03.08"]
[Round "5.4"]
[White "Rechel, Bernd"]
[Black "Williams, Simon K"]
[Result "1-0"]
[WhiteElo "2414"]
[BlackElo "2405"]
[PlyCount "95"]
[EventDate "2003.03.08"]

1. e4 c5 2. Nf3 d6 3. d4 Nf6 4. Nc3 cxd4 5. Nxd4 g6 6. Be3 Bg7 7. f3 Nc6 8. Bc4
Bd7 9. Qd2 Ne5 10. Bb3 O-O 11. h4 h5 12. Bg5 Rb8 13. O-O-O b5 14. g4 hxg4 15.
h5 Nxh5 16. Nd5 Re8 17. Rxh5 gxh5 18. Qh2 gxf3 19. Qxh5 Bg4 20. Qh4 Qd7 21. Rh1
Bh3 22. Rxh3 f2 23. Rh1 Qg4 24. Qxg4 Nxg4 25. Nf5 e6 26. Nxg7 exd5 27. Nxe8
Rxe8 28. Bxd5 Nh2 29. Bf4 f1=R+ 30. Rxf1 Nxf1 31. Kd1 Kg7 32. Ke2 f5 33. Kxf1
fxe4 34. Bxd6 Kf6 35. Bb4 Kf5 36. Ke2 Rh8 37. Ke3 Rh3+ 38. Kd4 e3 39. Kd3 Ke5
40. Bc6 a6 41. Bb7 e2+ 42. Kxe2 Rh2+ 43. Kd1 Kd4 44. Bxa6 Rh1+ 45. Be1 Kc5 46.
Bb7 Rh2 47. a3 Kc4 48. Bf3 1-0

[Event "4NCL/Div1/BET vs. WGR2"]
[Site "Telford ENG"]
[Date "2003.03.08"]
[Round "5.5"]
[White "Hunt, Adam C"]
[Black "Sowray, Peter J"]
[Result "1-0"]
[WhiteElo "2365"]
[BlackElo "2323"]
[PlyCount "123"]
[EventDate "2003.03.08"]

1. e4 c6 2. d4 d5 3. exd5 cxd5 4. c4 Nf6 5. Nc3 Nc6 6. Bg5 e6 7. c5 Be7 8. Bb5
O-O 9. Nf3 Ne4 10. Bxe7 Nxe7 11. Rc1 b6 12. Bd3 bxc5 13. Nxe4 dxe4 14. Bxe4
Qa5+ 15. Qd2 Qxd2+ 16. Nxd2 Rb8 17. b3 f5 18. Bf3 cxd4 19. Rc7 Ng6 20. Rxa7 Rf7
21. Ra5 Rc7 22. O-O Nh4 23. Ra4 Rc2 24. Rd1 Kf7 25. Bh5+ g6 26. Be2 Bb7 27. Bd3
Rc7 28. Rxd4 g5 29. f3 Ng6 30. Nc4 Kf6 31. Bf1 h5 32. Rd7 Rxd7 33. Rxd7 Bd5 34.
Ne3 Ba8 35. Kf2 g4 36. Rh7 gxf3 37. gxf3 Rd8 38. Nc4 Rd1 39. a4 Ra1 40. a5 Ra2+
41. Ke3 e5 42. Ra7 f4+ 43. Kd3 Bxf3 44. Nd2 Nh4 45. a6 Bd5 46. Rd7 Nf3 47. Rd6+
Kf5 48. Bh3+ Kg5 49. Rxd5 Nxd2 50. b4 Kh4 51. Ra5 e4+ 52. Kc3 Nb1+ 53. Kd4 Rd2+
54. Kxe4 Kxh3 55. a7 Nc3+ 56. Kxf4 Rd8 57. a8=Q Rxa8 58. Rxa8 Nd5+ 59. Kg5 Nxb4
60. Ra4 Nd5 61. Rh4+ Kg2 62. Rxh5 1-0

[Event "4NCL/Div1/BET vs. WGR2"]
[Site "Telford ENG"]
[Date "2003.03.08"]
[Round "5.6"]
[White "Tan, Desmond"]
[Black "Duncan, Christopher R"]
[Result "1/2-1/2"]
[WhiteElo "2307"]
[BlackElo "2324"]
[PlyCount "89"]
[EventDate "2003.03.08"]

1. e4 c5 2. Nc3 Nc6 3. Bb5 Na5 4. Nf3 a6 5. Be2 d6 6. d4 cxd4 7. Nxd4 Nf6 8.
O-O e6 9. a4 Be7 10. b3 O-O 11. Bb2 Qc7 12. Kh1 b6 13. f4 Bb7 14. Bf3 Rfd8 15.
Qe1 Rac8 16. Rd1 Nc6 17. Nxc6 Bxc6 18. Qe2 Qb7 19. h3 b5 20. axb5 axb5 21. e5
dxe5 22. fxe5 Rxd1 23. Qxd1 Nd7 24. Qe2 Bxf3 25. Rxf3 Qc6 26. Rd3 Nc5 27. Rd4
Rb8 28. Ne4 Nxe4 29. Qxe4 Qxe4 30. Rxe4 Rc8 31. c4 bxc4 32. bxc4 Bc5 33. Bd4 g5
34. Bxc5 Rxc5 35. Kg1 Kf8 36. Kf2 Ke7 37. Ke3 Ra5 38. Kd4 Ra2 39. Rg4 h6 40. h4
gxh4 41. Rxh4 Rd2+ 42. Ke3 Rxg2 43. Rxh6 Rg4 44. Kd3 Kd7 45. Rf6 1/2-1/2

[Event "4NCL/Div1/BET vs. WGR2"]
[Site "Telford ENG"]
[Date "2003.03.08"]
[Round "5.7"]
[White "Eames, Robert G"]
[Black "Lee, Graham D"]
[Result "1-0"]
[WhiteElo "2313"]
[BlackElo "2367"]
[PlyCount "57"]
[EventDate "2003.03.08"]

1. e4 c6 2. d4 d5 3. e5 Bf5 4. Nc3 e6 5. g4 Bg6 6. Nge2 h6 7. Be3 Nd7 8. Qd2
Rc8 9. O-O-O Ne7 10. Bg2 c5 11. f4 Nb6 12. b3 c4 13. f5 exf5 14. g5 cxb3 15.
cxb3 Bh5 16. Kb2 Nc6 17. gxh6 g6 18. Rc1 Bxe2 19. Qxe2 Bxh6 20. Nb5 Kf8 21. h4
f4 22. Bf2 f3 23. Qxf3 Bxc1+ 24. Rxc1 Qe7 25. Bh3 Rd8 26. Rg1 a6 27. Nc3 Kg7
28. Ne2 Rxh4 29. Qf6+ 1-0

[Event "4NCL/Div1/BET vs. WGR2"]
[Site "Telford ENG"]
[Date "2003.03.08"]
[Round "5.8"]
[White "Jackson, Sheila"]
[Black "Tidman, Sophie"]
[Result "1-0"]
[WhiteElo "2173"]
[BlackElo "2129"]
[PlyCount "67"]
[EventDate "2003.03.08"]

1. e4 e6 2. d4 d5 3. Nd2 Be7 4. Bd3 c5 5. dxc5 Nc6 6. Ngf3 Nf6 7. Qe2 Nb4 8.
O-O Nxd3 9. cxd3 b6 10. e5 Nd7 11. cxb6 axb6 12. Nb3 Ba6 13. Be3 Nc5 14. Nxc5
bxc5 15. Rfc1 Qa5 16. Qc2 Rc8 17. Bg5 Bxg5 18. Nxg5 h6 19. Nf3 O-O 20. Qc3 Qb5
21. d4 cxd4 22. Qxd4 Qa5 23. a3 Bc4 24. Nd2 Rfd8 25. f4 Qa4 26. Kf2 Rb8 27. b4
Rbc8 28. Rc3 Qb5 29. Rac1 Rd7 30. Nb3 Ra8 31. Na5 Kh7 32. Nxc4 dxc4 33. Qe4+ g6
34. Qxa8 1-0

[Event "4NCL/Div1/RIC vs. AD1"]
[Site "Telford ENG"]
[Date "2003.03.08"]
[Round "5.1"]
[White "Bates, Richard A"]
[Black "Chandler, Murray G"]
[Result "1/2-1/2"]
[WhiteElo "2367"]
[BlackElo "2517"]
[PlyCount "58"]
[EventDate "2003.03.08"]

1. d4 Nf6 2. Nf3 e6 3. c4 b6 4. g3 Ba6 5. b3 Bb7 6. Bg2 Bb4+ 7. Bd2 a5 8. O-O
O-O 9. Nc3 d6 10. Qc2 Nbd7 11. Rfe1 Bxc3 12. Bxc3 Be4 13. Qc1 Re8 14. Bh3 Bb7
15. Nd2 c5 16. Qa3 d5 17. dxc5 Nxc5 18. Qb2 Qe7 19. Rad1 e5 20. cxd5 Nxd5 21.
Nf3 f6 22. Bf5 g6 23. Bb1 Rac8 24. Rc1 Qe6 25. Red1 Qg4 26. Ne1 Qh3 27. Qd2
Rcd8 28. f3 Ba6 29. Nd3 Nxc3 1/2-1/2

[Event "4NCL/Div1/RIC vs. AD1"]
[Site "Telford ENG"]
[Date "2003.03.08"]
[Round "5.2"]
[White "Mestel, A Jonathan"]
[Black "Rotchev, Iouri"]
[Result "0-1"]
[WhiteElo "2494"]
[BlackElo "2300"]
[PlyCount "162"]
[EventDate "2003.03.08"]

1. c4 Nf6 2. Nc3 c5 3. Nf3 e6 4. g3 b6 5. e4 d6 6. Bg2 Bb7 7. d3 Be7 8. O-O O-O
9. Ne1 Nc6 10. f4 a6 11. g4 Nd7 12. g5 Re8 13. Nf3 Bf8 14. Kh1 b5 15. cxb5 axb5
16. Nxb5 d5 17. Nc3 Nb6 18. b3 Nb4 19. a3 dxe4 20. Ne5 Qc7 21. dxe4 Red8 22.
Qe2 Nc6 23. Nb5 Qc8 24. Bb2 Ba6 25. a4 Nd4 26. Bxd4 Rxd4 27. f5 Bd6 28. Nf3 Rb4
29. g6 hxg6 30. fxg6 fxg6 31. e5 Be7 32. Qd3 Qe8 33. Nd2 Rd8 34. Qe2 Nd5 35.
Bh3 Bg5 36. Nc4 Nf4 37. Rxf4 Bxf4 38. Nbd6 Qe7 39. Bg2 Rxb3 40. Qg4 Bxc4 41.
Qxf4 Bd5 42. Qg4 Rb2 43. Rg1 Rxd6 44. exd6 Qxd6 45. Qxg6 Bxg2+ 46. Rxg2 Qd1+
47. Rg1 Qf3+ 48. Rg2 Rxg2 49. Qxg2 Qd1+ 50. Qg1 Qxa4 51. Qb1 Qa8+ 52. Kg1 c4
53. Qb4 Qa7+ 54. Kg2 Qc7 55. Qc3 Qc6+ 56. Kg1 Qc5+ 57. Kg2 Qg5+ 58. Kh1 Qf4 59.
Kg2 Qg4+ 60. Kf2 Qe4 61. Kg1 Qb1+ 62. Kg2 Qd3 63. Qe1 Qg6+ 64. Kf3 c3 65. Ke3
Qc2 66. Kf3 Qd3+ 67. Kf2 Qf5+ 68. Kg3 c2 69. Qd2 Qe5+ 70. Kh3 Qh5+ 71. Kg3 Qd1
72. Qe3 Qd6+ 73. Kh3 Qc6 74. Qc1 Qf3+ 75. Kh4 Qe4+ 76. Kh3 e5 77. Qg5 Qf3+ 78.
Kh4 Qf4+ 79. Kh3 Qf3+ 80. Kh4 Qf6 81. Kh3 Qh6+ 0-1

[Event "4NCL/Div1/RIC vs. AD1"]
[Site "Telford ENG"]
[Date "2003.03.08"]
[Round "5.3"]
[White "Hinks-Edwards, Thomas"]
[Black "Hennigan, Michael T"]
[Result "0-1"]
[WhiteElo "2363"]
[BlackElo "2434"]
[PlyCount "38"]
[EventDate "2003.03.08"]

1. e4 c5 2. Nc3 Nc6 3. Bb5 Na5 4. Nf3 a6 5. Be2 e6 6. O-O Qc7 7. d4 cxd4 8.
Nxd4 b5 9. Re1 d6 10. Bf3 Bb7 11. Nd5 exd5 12. exd5+ Be7 13. Nf5 Kf8 14. Bf4
Rd8 15. Qd4 Bf6 16. Qb4 Nc4 17. b3 Bc8 18. Nxd6 Nxd6 19. c4 a5 0-1

[Event "4NCL/Div1/RIC vs. AD1"]
[Site "Telford ENG"]
[Date "2003.03.08"]
[Round "5.4"]
[White "Cooper, Lawrence"]
[Black "Webb, Laurence E"]
[Result "1/2-1/2"]
[WhiteElo "2353"]
[BlackElo "2279"]
[PlyCount "51"]
[EventDate "2003.03.08"]

1. e4 e6 2. d4 d5 3. Nd2 c5 4. exd5 exd5 5. Ngf3 Nf6 6. Bb5+ Bd7 7. Qe2+ Be7 8.
dxc5 O-O 9. Nb3 Bxb5 10. Qxb5 Qd7 11. Qxd7 Nbxd7 12. Be3 Rac8 13. O-O Nxc5 14.
Nxc5 Bxc5 15. Bxc5 Rxc5 16. Nd4 Re8 17. f3 g6 18. Kf2 Kf8 19. Rfe1 Rcc8 20. c3
a6 21. Nc2 Rxe1 22. Rxe1 Re8 23. Rxe8+ Nxe8 24. Ke3 Ke7 25. Kd4 Kd6 26. g3
1/2-1/2

[Event "4NCL/Div1/RIC vs. AD1"]
[Site "Telford ENG"]
[Date "2003.03.08"]
[Round "5.5"]
[White "Phillips, Roy"]
[Black "Richardson, John R"]
[Result "0-1"]
[WhiteElo "2217"]
[BlackElo "2312"]
[PlyCount "52"]
[EventDate "2003.03.08"]

1. d4 Nf6 2. Nf3 d5 3. c4 e6 4. Nc3 Bb4 5. Qa4+ Nc6 6. Bg5 Bd7 7. cxd5 Nxd4 8.
Qd1 Nxf3+ 9. gxf3 exd5 10. Qb3 Bxc3+ 11. Qxc3 Bc6 12. O-O-O Qe7 13. Rg1 O-O-O
14. Be3 Qe6 15. Bxa7 d4 16. Bxd4 Qxa2 17. Bh3+ Kb8 18. Qa3 Qc4+ 19. Qc3 Qxe2
20. Qc5 Qa6 21. Bf1 Qa1+ 22. Kd2 Qxb2+ 23. Ke3 Nd5+ 24. Ke4 Nb6+ 25. Kf4 Qb3
26. Bh3 Qxf3+ 0-1

[Event "4NCL/Div1/RIC vs. AD1"]
[Site "Telford ENG"]
[Date "2003.03.08"]
[Round "5.6"]
[White "Bisby, Daniel L"]
[Black "Nixon, Thomas CM"]
[Result "1/2-1/2"]
[WhiteElo "2283"]
[BlackElo "2204"]
[PlyCount "44"]
[EventDate "2003.03.08"]

1. e4 e5 2. Nf3 Nc6 3. d4 exd4 4. Nxd4 Nf6 5. Nxc6 bxc6 6. e5 Qe7 7. Qe2 Nd5 8.
c4 Ba6 9. b3 g6 10. f4 Bg7 11. Qf2 Nf6 12. Ba3 d6 13. Nd2 Nd7 14. Be2 O-O 15.
O-O c5 16. Bf3 Rae8 17. Ne4 dxe5 18. Nxc5 e4 19. Rae1 f5 20. Nxa6 Qxa3 21. Nxc7
Rd8 22. Bd1 Qd6 1/2-1/2

[Event "4NCL/Div1/RIC vs. AD1"]
[Site "Telford ENG"]
[Date "2003.03.08"]
[Round "5.7"]
[White "Franklin, Michael J"]
[Black "Moskovic, David M"]
[Result "1-0"]
[WhiteElo "2222"]
[BlackElo "2251"]
[PlyCount "77"]
[EventDate "2003.03.08"]

1. d4 g6 2. Nf3 Nf6 3. Bf4 Bg7 4. e3 O-O 5. Be2 d6 6. h3 Nfd7 7. O-O e5 8. Bh2
Nc6 9. c4 f5 10. Nc3 a5 11. Rc1 Kh8 12. a3 h6 13. Nb5 Na7 14. Qd2 Nxb5 15. cxb5
e4 16. Ne1 Nb6 17. f3 Nd5 18. fxe4 fxe4 19. Rxf8+ Bxf8 20. Bc4 Be6 21. Qe2 c6
22. Nc2 Rc8 23. Rf1 cxb5 24. Bxb5 Qg5 25. Kh1 Be7 26. Bf4 Nxf4 27. exf4 Qh4 28.
Ne3 Rf8 29. d5 Bc8 30. Qf2 Qxf2 31. Rxf2 Bh4 32. Rf1 Bg3 33. Nc4 Bxf4 34. g3 g5
35. Kg2 h5 36. gxf4 gxf4 37. Nxd6 f3+ 38. Kg3 Rd8 39. Nf7+ 1-0

[Event "4NCL/Div1/RIC vs. AD1"]
[Site "Telford ENG"]
[Date "2003.03.08"]
[Round "5.8"]
[White "Bellin, Jana"]
[Black "Wilson, Alexandra"]
[Result "1-0"]
[WhiteElo "2203"]
[BlackElo "2029"]
[PlyCount "69"]
[EventDate "2003.03.08"]

1. d4 Nf6 2. Nf3 g6 3. c3 Bg7 4. Bg5 O-O 5. Nbd2 d6 6. e4 b6 7. Bd3 Bb7 8. O-O
Nbd7 9. Re1 e5 10. d5 Nc5 11. Bc2 h6 12. Bh4 Qc8 13. b4 Ncd7 14. Nc4 Nh5 15.
Nfd2 Ndf6 16. f3 Nf4 17. Ne3 N6h5 18. c4 f5 19. Qb1 Qe8 20. a4 Bc8 21. a5 Bd7
22. Ra3 Qf7 23. axb6 cxb6 24. Qa2 Bc8 25. c5 bxc5 26. bxc5 dxc5 27. Ndc4 g5 28.
Nd6 Qd7 29. Nxc8 Rfxc8 30. Bf2 Kh8 31. Nxf5 Nf6 32. Ba4 Qf7 33. Bc6 Qh5 34.
Bxa8 Rxa8 35. Rxa7 1-0